000 00852nam a22002177a 4500
999 _c63583
_d63583
005 20240530110648.0
008 171121s2016 ua a g b 000 0 ara d
017 _a9789773375492
_bمصر. دار الكتب
040 _aEG-CaGPL
_cEG-CaGPL
082 0 4 _221
_a658.406\
_bم ش
100 0 _aمحمد كمال مصطفى
245 1 0 _aشفرة التقدم :
_bرؤية ادارية /
_cتأليف محمد كمال مصطفى ؛ مراجعة لغوية و نحوية عادل احمد سركيس .
250 _aط.1
260 _aالقاهرة :
_bمركز الخبرات المهنية للادارة (ببميك) ،
_c2016 .
300 _a464 ص. ؛
_c24 سم.
650 0 7 _2qrmak
_aالادارة
_xتطوير
650 0 7 _2qrmak
_aالمعرفة
651 _2qrmak
942 _2ddc
_cBK